[Event "Schneeberg op"]
[Site "Schneeberg"]
[Date "2009.03.13"]
[Round "7"]
[White "Zimmermann, Rene"]
[Black "Gottwald, Lutz"]
[Result "1-0"]
[WhiteElo "2016"]
[BlackElo "1900"]
[PlyCount "59"]
[EventDate "2009.03.09"]
[EventType "swiss"]
[EventRounds "7"]
[EventCountry "GER"]
[SourceTitle "EXT 2010"]
[Source "ChessBase"]
[SourceDate "2010.11.25"]
[SourceVersion "1"]
[SourceVersionDate "2010.11.25"]
[SourceQuality "1"]

1. Nf3 f5 2. d4 Nf6 3. c4 g6 4. g3 Bg7 5. Bg2 0-0 6. 0-0 d6 7. Qb3 Kh8 8. Nc3 c6 9. d5 Qe8 10. e4 Nxe4 11. Nxe4 fxe4 12. Ng5 Na6 13. Nxe4 Rb8 14. Bd2 Bf5 15. Bc3 Qd7 16. Ng5 Nc5 17. Bxg7+ Kxg7 18. Qc3+ Kg8 19. b4 Na6 20. Rfe1 Nc7 21. Qd4 h6 22. Ne4 a6 23. Rad1 cxd5 24. cxd5 Rbc8 25. Nc3 e5 26. dxe6 Nxe6 27. Bd5 Kh7 28. Bxe6 Bxe6 29. Ne4 Qc6 30. Nf6+ 1-0

[Event "Schneeberg op"]
[Site "Schneeberg"]
[Date "2009.03.12"]
[Round "6"]
[White "Gottwald, Lutz"]
[Black "Stark, Saskia"]
[Result "1/2-1/2"]
[WhiteElo "1900"]
[BlackElo "1929"]
[PlyCount "83"]
[EventDate "2009.03.09"]
[EventType "swiss"]
[EventRounds "7"]
[EventCountry "GER"]
[SourceTitle "EXT 2010"]
[Source "ChessBase"]
[SourceDate "2010.11.25"]
[SourceVersion "1"]
[SourceVersionDate "2010.11.25"]
[SourceQuality "1"]

1. d4 d5 2. c4 dxc4 3. Nc3 e5 4. dxe5 Qxd1+ 5. Kxd1 Be6 6. e4 Nc6 7. Bf4 Nge7 8. Bg3 g5 9. Nf3 h6 10. h4 g4 11. Nd2 0-0-0 12. Kc1 Bg7 13. Nxc4 Ng6 14. Be2 Ngxe5 15. Nxe5 Bxe5 16. Bxe5 Nxe5 17. Rd1 f5 18. f4 gxf3 19. gxf3 Ng6 20. Kc2 Rdf8 21. Rh1 fxe4 22. fxe4 Rf4 23. h5 Ne5 24. Raf1 Rhf8 25. Rxf4 Rxf4 26. Rf1 Rxf1 27. Bxf1 Ng4 28. Nd1 Nf6 29. Kd3 Bxa2 30. Ne3 Bb1+ 31. Kd4 Nxe4 32. Bh3+ Kd8 33. Bf5 c5+ 34. Ke5 Ng3 35. Bxb1 Nxh5 36. Nf5 Kc7 37. Be4 Kb6 38. Bf3 Ka5 39. Bxh5 Kb4 40. Bf7 c4 41. Nd4 a6 42. Ke4 1/2-1/2

[Event "Schneeberg op"]
[Site "Schneeberg"]
[Date "2009.03.11"]
[Round "4"]
[White "Lassahn, Holger"]
[Black "Gottwald, Lutz"]
[Result "0-1"]
[WhiteElo "2007"]
[BlackElo "1900"]
[PlyCount "110"]
[EventDate "2009.03.09"]
[EventType "swiss"]
[EventRounds "7"]
[EventCountry "GER"]
[SourceTitle "EXT 2010"]
[Source "ChessBase"]
[SourceDate "2010.11.25"]
[SourceVersion "1"]
[SourceVersionDate "2010.11.25"]
[SourceQuality "1"]

1. e4 c6 2. d4 d5 3. exd5 cxd5 4. Bd3 Nc6 5. c3 g6 6. h3 Bg7 7. Nf3 Nf6 8. 0-0 0-0 9. Na3 Nd7 10. Bg5 a6 11. Re1 b5 12. Qd2 Re8 13. Nc2 Qb6 14. Ne3 e6 15. Ng4 e5 16. dxe5 Ncxe5 17. Nfxe5 Nxe5 18. Nxe5 Bxe5 19. Re2 Bd7 20. Rae1 Bg7 21. Rxe8+ Rxe8 22. Rxe8+ Bxe8 23. Qe3 Qe6 24. Kf1 Qxe3 25. Bxe3 f5 26. Ke2 Kf7 27. Kd2 Ke6 28. Bc2 Bf6 29. f4 Be7 30. Kd3 b4 31. cxb4 Bxb4 32. Bd4 Bb5+ 33. Ke3 Kd6 34. a3 Be1 35. Kf3 Bd7 36. Ke2 Bg3 37. Kf3 Be1 38. a4 Bb4 39. Ke2 a5 40. Kd3 Bc6 41. Bd1 Bd7 42. Bc3 Kc5 43. b3 Bxc3 44. Kxc3 d4+ 45. Kb2 Bc6 46. g4 Be4 47. gxf5 Bxf5 48. Bg4 Kb4 49. Bd1 Bxh3 50. Kc2 Be6 51. Kd3 Bxb3 52. Bg4 Kc5 53. Bd7 Kd5 54. Be8 Bc4+ 55. Kd2 Ke4 0-1

[Event "Bad Harzburg op"]
[Site "Bad Harzburg"]
[Date "2007.10.27"]
[Round "7"]
[White "Gottwald, Lutz"]
[Black "Severens, Lars"]
[Result "1/2-1/2"]
[WhiteElo "1726"]
[BlackElo "2070"]
[PlyCount "50"]
[EventDate "2007.10.23"]
[EventType "swiss"]
[EventRounds "7"]
[EventCountry "GER"]
[SourceTitle "EXT 2009"]
[Source "ChessBase"]
[SourceDate "2008.11.26"]
[SourceVersion "1"]
[SourceVersionDate "2008.11.26"]
[SourceQuality "1"]

1. d4 d5 2. c4 e6 3. Nc3 Nf6 4. cxd5 exd5 5. Bg5 Be7 6. Qc2 c6 7. e3 0-0 8. Bd3 Nbd7 9. Nge2 Re8 10. 0-0 Ne4 11. Bf4 f5 12. f3 Nxc3 13. bxc3 g6 14. e4 fxe4 15. fxe4 Nf8 16. e5 Bg4 17. Bh6 Bxe2 18. Qxe2 Bg5 19. Rxf8+ Rxf8 20. Bxf8 Qxf8 21. Rf1 Qe7 22. Qf2 Rf8 23. Qxf8+ Qxf8 24. Rxf8+ Kxf8 25. Kf2 Bd2 1/2-1/2